000
00202 a2200097 4500
020
_a
9780448451091
041
_a
spa
100
_a
Watty Piper
245
_a
La pequeą locomotora que si pudo
942
_c
K
999
_c
28103
_d
28103